|
|
|
|
| LEADER |
00000nam0a2200000 4500 |
| 001 |
213234 |
| 005 |
20231101225816.0 |
| 010 |
|
|
|a 5256003062
|
| 020 |
|
|
|a RU
|b 89-78064
|
| 035 |
|
|
|a (RuTPU)RU\TPU\book\233004
|
| 090 |
|
|
|a 213234
|
| 100 |
|
|
|a 20120407d1989 km y0rusy5003 ca
|
| 101 |
0 |
|
|a rus
|
| 102 |
|
|
|a RU
|
| 105 |
|
|
|a a z 001zy
|
| 200 |
1 |
|
|a Поиск устойчивых ошибок в программах
|f Б. В. Архангельский, В. В. Черняховский
|
| 210 |
|
|
|a Москва
|c Радио и связь
|d 1989
|
| 215 |
|
|
|a 240 с.
|c схем.
|d 21 см
|
| 320 |
|
|
|a Библиогр.: с. 236-237 (38 назв.)
|
| 606 |
1 |
|
|a Вычислительные машины электронные
|x Программы
|x Отладка
|2 stltpush
|3 (RuTPU)RU\TPU\subj\4151
|9 32454
|
| 610 |
1 |
|
|a программирование
|
| 610 |
1 |
|
|a устойчивые ошибки
|
| 610 |
1 |
|
|a тестирование
|
| 610 |
1 |
|
|a статистические данные
|
| 610 |
1 |
|
|a семантические ошибки
|
| 610 |
1 |
|
|a классификация
|
| 675 |
|
|
|a 681.326.7.06
|z rus
|
| 700 |
|
1 |
|a Архангельский
|b Б. В.
|g Борис Владимирович
|4 070
|
| 701 |
|
1 |
|a Черняховский
|b В. В.
|g Виктор Викторович
|4 070
|
| 801 |
|
0 |
|a RU
|b RuMRKP
|c 19950417
|g psbo
|
| 801 |
|
1 |
|a RU
|b 63413507
|c 20120407
|
| 801 |
|
2 |
|a RU
|b 63413507
|c 20170125
|g RCR
|
| 942 |
|
|
|c BK
|